The culture and civilisation of ancient India in historical outline / (Record no. 22489)

MARC details
000 -LEADER
fixed length control field 00800cam a22002531 4500
001 - CONTROL NUMBER
control field 10348893
003 - CONTROL NUMBER IDENTIFIER
control field BDDh-ASL
005 - DATE AND TIME OF LATEST TRANSACTION
control field 20231015030134.0
008 - FIXED-LENGTH DATA ELEMENTS--GENERAL INFORMATION
fixed length control field 720921s1965 enkab 000 0 eng
010 ## - LIBRARY OF CONGRESS CONTROL NUMBER
LC control number 66083282
015 ## - NATIONAL BIBLIOGRAPHY NUMBER
National bibliography number GB65-9599
035 ## - SYSTEM CONTROL NUMBER
System control number (OCoLC)411714
040 ## - CATALOGING SOURCE
Original cataloging agency DLC
Transcribing agency ODaWU
Modifying agency OCoLC
-- Uk
-- DLC
-- BDDh-ASL
042 ## - AUTHENTICATION CODE
Authentication code premarc
050 00 - LIBRARY OF CONGRESS CALL NUMBER
Classification number DS425
Item number .K58
082 ## - DEWEY DECIMAL CLASSIFICATION NUMBER
Classification number 954.306
Item number KOC
100 1# - MAIN ENTRY--PERSONAL NAME
Personal name Kosambi, D. D.
Fuller form of name (Damodar Dharmanand),
Dates associated with a name 1907-1966.
245 14 - TITLE STATEMENT
Title The culture and civilisation of ancient India in historical outline /
Statement of responsibility, etc. by D.D. Kosambi.
260 ## - PUBLICATION, DISTRIBUTION, ETC.
Place of publication, distribution, etc. London :
Name of publisher, distributor, etc. Routledge and K. Paul,
Date of publication, distribution, etc. [1965]
300 ## - PHYSICAL DESCRIPTION
Extent xi, 243 p. :
Other physical details illus., maps.
Dimensions 26 cm.
651 #0 - SUBJECT ADDED ENTRY--GEOGRAPHIC NAME
Geographic name India
General subdivision Civilization.
906 ## - LOCAL DATA ELEMENT F, LDF (RLIN)
a 7
b cbc
c oclcrpl
d u
e ncip
f 19
g y-gencatlg
942 ## - ADDED ENTRY ELEMENTS (KOHA)
Source of classification or shelving scheme Dewey Decimal Classification
Koha item type Books
Holdings
Withdrawn status Lost status Source of classification or shelving scheme Damaged status Not for loan Collection code Home library Current library Shelving location Date acquired Source of acquisition Total Checkouts Full call number Barcode Date last seen Copy number Price effective from Koha item type Public note
    Dewey Decimal Classification     Non-fiction Asiatic Society Library Asiatic Society Library General Stacks 02/28/2021 ASB Library Collections   954.306 KOC 106755 02/28/2021 C-1 02/28/2021 Books RARE

Powered by Koha